banner-ar

اثار و حضارة الدولة الحديثة فى العصور المصرية القديمة / (Record no. 60120)

MARC details
000 -الفاتح
حقل البيانات ثابتة الطول 01221nam a22002897a 4500
005 - وقت وتاريخ اخر تعامل مع التسجيلة
رقم الضبط 20240530110353.0
008 - عناصر البيانات ثابتة الطول - معلومات عامة
حقل البيانات ثابتة الطول 141229s2010 ua op f b 000 0 ara d
017 ## - رقم الايداع القانونى
رقم الايداع القانونى 16107
المصدر ( الهيئة المختصة) مصر . دار الكتب المصرية
020 ## - الرقم الدولى المعيارى للكتب
الرقم الدولى المعيارى للكتاب 9770526266
040 ## - مصدر الفهرسة
وكالة الفهرسة الأصلية EG-CaGPL
041 0# - رمز اللغة
رمز لغة النص/ المسارات الصوتية أو العنوان الانفرادي ara
082 04 - رقم تصنيف ديوى العشرى
رقم الطبعة 21
رقم التصنيف 932.07
رقم المادة ق/ن آ
100 0# - المدخل الرئيسى - إسم شخصى
الإسم الشخصى نور جلال عبدالحميد
245 10 - بيان العنوان
العنوان اثار و حضارة الدولة الحديثة فى العصور المصرية القديمة /
بيان المسئوليه,etc تاليف نور جلال عبدالحميد
250 ## - بيان الطبعة
بيان الطبعة ط1
260 ## - PUBLICATION, DISTRIBUTION, ETC. (IMPRINT)
تاريخ النشر أو التوزيع 2010
300 ## - الوصف المادى
التعداد 300 ص :
تفاصيل ماديه اخرى للوعاء صور لو ؛
أبعاد الوعاء 24 سم
504 ## - تبصرة ببليوجرافية
تبصرة ببليوجرافية,الخ ببليوجرافية : ص 265 - 281
650 04 - المدخل الاضافى بالموضوع-مصطلح موضوعى
مصطلح موضوعي الاثار الفرعونية
650 04 - المدخل الاضافى بالموضوع-مصطلح موضوعى
مصطلح موضوعي الفن المصرى الحديث
650 04 - المدخل الاضافى بالموضوع-مصطلح موضوعى
مصطلح موضوعي المعابد المصرية القديمة
651 04 - المدخل الاضافى بالموضوع - اسم جغرافى
الاسم الجغرافي مصر القديمة
التقسيم الفرعي العام تاريخ
التقسيم الفرعي الجغرافي الدولة الحديثة
651 04 - المدخل الاضافى بالموضوع - اسم جغرافى
الاسم الجغرافي مصر القديمة
التقسيم الفرعي العام تاريخ
التقسيم الفرعي الزمني عصر الاسرة الثامنة عشر
651 04 - المدخل الاضافى بالموضوع - اسم جغرافى
الاسم الجغرافي مصر القديمة
التقسيم الفرعي العام تاريخ
التقسيم الفرعي الزمني عصر الرعامسة
942 ## - عناصر المدخل الإضافي( كوها)
مصدر التصنيف او مخطط الترفيف Dewey Decimal Classification
Koha [default] item type كتاب
260 ## - PUBLICATION, DISTRIBUTION, ETC. (IMPRINT)
-- القاهرة :
-- مكتبة الانجلو المصرية ،
Holdings
حالة التراجع حالة الفقد حالة تلف ليس للاعارة المكان المؤقت الموقع الحالى تاريخ الاكتساب اجمالي اﻻعارات رقم الطلب الباركود تاريخ اخر مشاهدة تاريخ تفعيل السعر نوع وعاء كوها
        مكتبة القاهرة الكبرى مكتبة القاهرة الكبرى 12/29/2014   932.07 ق/ن آ 159113 12/29/2014 12/29/2014 كتاب

Powered By

EGPV